[Event "Ruhrgebiet Verbandsliga1 1112"]
[Site "Nordrheinwestfalen"]
[Date "2011.12.11"]
[Round "4.7"]
[White "Campana, Rafael"]
[Black "Grodotzki, Kenneth"]
[Result "1-0"]
[WhiteElo "1703"]
[BlackElo "1923"]
[PlyCount "97"]
[EventDate "2012.09.18"]
[EventType "team-tourn"]
[EventRounds "9"]
[EventCountry "GER"]
[SourceTitle "EXT 2020"]
[Source "ChessBase"]
[SourceDate "2019.10.17"]
[SourceVersion "1"]
[SourceVersionDate "2019.10.17"]
[SourceQuality "1"]
[WhiteTeam "Dortmund Hansa III"]
[BlackTeam "Muelheim Nord III"]
[WhiteTeamCountry "GER"]
[BlackTeamCountry "GER"]

1. e4 c5 2. Nf3 Nc6 3. d4 cxd4 4. Nxd4 Nf6 5. Nc3 e5 6. Nb3 Bb4 7. Bg5 h6 8. Bxf6 Qxf6 9. Qd2 Qg6 10. f3 0-0 11. a3 Be7 12. Bc4 Bg5 13. Qf2 d6 14. g3 Be6 15. Bxe6 fxe6 16. h4 Bd8 17. 0-0-0 Bb6 18. Qg2 Rad8 19. Rd3 a6 20. Rhd1 Bc7 21. Ne2 Rc8 22. Kb1 Bb8 23. Qh3 Rf6 24. Qh1 Qf7 25. f4 Qc7 26. Rc3 Qb6 27. Qh2 Rcf8 28. g4 exf4 29. g5 R6f7 30. gxh6 gxh6 31. Ned4 Nxd4 32. Nxd4 d5 33. Qh3 Re8 34. exd5 exd5 35. Qg2+ Kh7 36. Qxd5 Qf6 37. Nf3 Qe6 38. Qh5 Kg8 39. Re1 Qxe1+ 40. Nxe1 Rxe1+ 41. Ka2 Kg7 42. Rc8 Be5 43. Qg4+ Kf6 44. Re8 Re7 45. Rg8 Rf7 46. Rg6+ Ke7 47. Qe6+ Kf8 48. Qc8+ Ke7 49. Re6# 1-0